00936nam a2200277Ia 450000500170000000800390001702000180005610000360007424500860011025000220019626400280021830000260024633600270027233700330029933800280033249000240036050000270038450400420041158600270045365000370048065000410051765000240055865000300058204000350061208400110064720220317001509.0161108s2010 sp g 000 f spa a97884670356981 aBioy Casares, Adolfod1914-199913aLa invención de MorelcAdolfo Bioy Casares ; introducción de Trinidad Barrera aPrimera edición aBarcelonabEspasac2010 a152 páginasc19 cm. atextobtxt2rdacontent asin mediaciónbn2rdamedia avolumenbnc2rdacarrier aAustral : Narrativa a Incluye cronología  aIncluye datos biográficos del autor aPremio Cervantes, 2001142LEMBaNovela argentinaySiglo XX142LEMBaLiteratura argentinaySiglo XX142LEMBaAmorvNovela 142LEMBaFantasíavNovela  aCO-BoRNBPbspaerdacCO-BoRNBP aN BIO1